LEADER 01246nam 2200373I 450 001 9910708127303321 005 20130130070748.0 035 $a(CKB)4970000000046638 035 $a(OCoLC)825962075 035 $a(EXLCZ)994970000000046638 100 $a20130130d2012 ua 0 101 0 $aeng 135 $aurmn||||||||| 181 $2rdacontent 182 $2rdamedia 183 $2rdacarrier 200 10$aPrepositioned materiel and equipment $eDOD would benefit from developing strategic guidance and improving joint oversight /$fCary Russell 210 1$aWashington, DC :$cUnited States Government Accountability Office,$d2012. 215 $a1 online resource (22 pages) 300 $aTitle from title screen (viewed Jan. 17, 2013). 300 $a"September 20, 2012." 300 $a"GAO-12-916R." 320 $aIncludes bibliographical references. 517 $aPrepositioned Materiel And Equipment 606 $aLogistics 615 0$aLogistics. 700 $aRussell$b Cary$01406893 712 02$aUnited States.$bGovernment Accountability Office, 801 0$bGPO 801 1$bGPO 906 $aDOCUMENT 912 $a9910708127303321 996 $aPrepositioned materiel and equipment$93533757 997 $aUNINA LEADER 01584nam0 22003251i 450 001 UON00467246 005 20231205105149.193 010 $a38-322-4702-5 100 $a20160505d2005 |0itac50 ba 101 $ager 102 $aDE 105 $a|||| 1|||| 200 1 $aNeue safaitische Inschriften und deren bildliche Darstellungen$fMohammad I. Ababneh 210 $aAachen$cShaker$d2005 215 $a447 p.$cill.$d21 cm 311 $aAR XX A 008$9UON00157207 410 0$1001UON00157207$12001 $aSemitica et Semitohamitica Berolinensia$fHerausgegeben im Seminar fur Semitistik und Arabistik der Freien Universitat Berlin von Rainer Voigt$v6 AR XX A 008 606 $aFILOLOGIA SEMITICA$3UONC002429$2FI 606 $aISCRIZIONI SAFAITICHE$3UONC089827$2FI 620 $aDE$dAachen$3UONL003060 686 $aAR XX A$cARABIA PREISLAMICA - EPIGRAFIA, NUMISMATICA, SIGILLOGRAFIA - EPIGRAFIA$2A 700 1$aABABNEH$bMohammad I.$3UONV231964$0720261 712 $aShaker$3UONV246772$4650 801 $aIT$bSOL$c20240220$gRICA 899 $aSIBA - SISTEMA BIBLIOTECARIO DI ATENEO$2UONSI 912 $aUON00467246 950 $aSIBA - SISTEMA BIBLIOTECARIO DI ATENEO$dSI AR XX A 008 $eSI 18399 7 008 $sBuono 951 $aSIBA - SISTEMA BIBLIOTECARIO DI ATENEO$bSI2016557 1J 20160505 996 $aNeue safaitische Inschriften und deren bildliche Darstellungen$91399243 997 $aUNIOR